00887cam a22002414a 45000010009000000050017000090080041000260100017000670200018000840400018001020500021001201000044001412450103001852500018002882600048003063000061003545040066004156500040004816500036005216500016005577000023005737000049005961531529020220304125040.0080604s2009 ohua b 001 0 eng  a 2007906389 a9780324658378 aDLCcDLCdDLC00aHF1017b.A6 20091 aAnderson, David R.q(David Ray),d1941-10aStatistics for business and economics /cDavid R. Anderson, Dennis J. Sweeney, Thomas A. Williams. aRev. 10th ed. aMason, OH :bThomson South-Western,cc2009. axxviii,1018 p. :bill. ;c27 cm. +e1 CD-ROM (4 3/4 in.) aIncludes bibliographical references (p. [916]-917) and index. 0aCommercial statisticsxMethodology. 0aEconomicsxStatistical methods. 0aStatistics.1 aSweeney, Dennis J.1 aWilliams, Thomas A.q(Thomas Arthur),d1944-